000
00286nam a22001217a 4500
008
160420b xxu||||| |||| 00| 0 eng d
020
_a
9781451192728
020
_a
145119272X
041
_a
eng
080
_a
618.2
245
_a
Fundamentals of Nursing:
_c
Marilee LeBon;
942
_2
udc
_c
BK
999
_c
1461
_d
1461